Acción pública y reacción ciudadana: el papel de la sociedad civil en el estado democrático/

Furkejuvvon:
Bibliográfalaš dieđut
Váldodahkki: González Hernández, Juan Carlos
Materiálatiipa: Girji
Giella:Spanish
Fáddágilkorat: Lasit fáddágilkoriid
Eai fáddágilkorat, Lasit vuosttaš fáddágilkora!

MARC

LEADER 00000nam a22000007a 4500
003 cru CIDCACS/IIS
005 20180216141452.0
007 ta
008 180216s2000 sp ||||||||||||0| ||spa|d
999 |c 41022  |d 41022 
040 |c cru CIDCACS/IIS 
100 1 |9 6662  |a González Hernández, Juan Carlos 
245 1 |a Acción pública y reacción ciudadana:  |b el papel de la sociedad civil en el estado democrático/  |c Juan Carlos González Hernández 
300 |a páginas 9-37 
773 0 |0 40983  |9 1801  |a Centro de Investigaciones Sociológicas (España)  |d Madrid, España: CIS,  |o 18471  |t REIS:  |x 02105233 
942 |2 ddc  |c PP